LEADER 01996nam 2200469Ia 450 001 996386247303316 005 20221108040421.0 035 $a(CKB)1000000000608934 035 $a(EEBO)2240959899 035 $a(OCoLC)12268928 035 $a(EXLCZ)991000000000608934 100 $a19850716d1698 uy | 101 0 $aeng 135 $aurbn||||a|bb| 200 14$aThe two charters granted by King Charles IId to the proprietors of Carolina$b[electronic resource] $ewith the first and last fundamental constitutions of that colony 210 $aLondon $cPrinted and are to be sold by Richard Parker ...$d[1698] 215 $a60 p 300 $aDate of publication from Wing. 300 $aReproduction of original in Huntington Library. 327 $aThe first charter granted by King Charles IId to the proprietors of Carolina (March 24, 1663) -- The second charter (June 30, 1665) -- The fundamental constitutions of Carolina (March 1, 1669; drawn up by John Locke) -- Copy of the fundamental constitutions of Carolina (April 11, 1698). 330 $aeebo-0113 606 $aConstitutional history$zNorth Carolina 606 $aConstitutional history$zSouth Carolina 607 $aNorth Carolina$xHistory$yColonial period, ca. 1600-1775$vCharters 607 $aNorth Carolina$xHistory$yColonial period, ca. 1600-1775$vConstitution 607 $aSouth Carolina$xHistory$yColonial period, ca. 1600-1775$vConstitution 607 $aSouth Carolina$xHistory$yColonial period, ca. 1600-1775$vCharters 615 0$aConstitutional history 615 0$aConstitutional history 701 $aLocke$b John$f1632-1704.$044514 712 02$aCarolina (Colony). 712 02$aCarolina (Colony). 801 0$bEAA 801 1$bEAA 801 2$bm/c 801 2$bEAA 801 2$bUMI 801 2$bWaOLN 906 $aBOOK 912 $a996386247303316 996 $aThe two charters granted by King Charles IId to the proprietors of Carolina$92426005 997 $aUNISA